000 00344nam a2200133Ia 4500
005 20260328101528.0
008 260328s9999||||xx |||||||||||||| ||und||
100 _aCurtis, William J.R.
245 0 _aModern Architecture since 1900 /
_cWilliam J.R. Curtis
260 _bPhaidon
300 _a736 p.
650 _aEDAD Contemporánea
942 _cBK
999 _c9858
_d9858